| 000 | 00552nam a2200205Ia 4500 | ||
|---|---|---|---|
| 008 | 220216s9999 xx 000 0 und d | ||
| 100 | _aJohn A | ||
| 245 | 0 | _aPotential new primary clones of Hevea evolved by ortet selection in India | |
| 260 |
_bJournal of Rubber Research _c2013 |
||
| 300 | _a134-146 | ||
| 650 | _aDisease incidence | ||
| 650 | _aHevea brasiliensis | ||
| 650 | _aOrtet selection | ||
| 650 | _aRubber yield | ||
| 700 | _aIdicula P.S | ||
| 700 | _aNazeer M A | ||
| 700 | _aThomas V | ||
| 700 | _aVarghese Y.A | ||
| 942 | _cBS | ||
| 999 |
_c48999 _d48999 |
||